Normal view
MARC view
Entry Personal Name
001 - CONTROL NUMBER
- control field: 9419
003 - CONTROL NUMBER IDENTIFIER
- control field: BD-RjUL
005 - DATE AND TIME OF LATEST TRANSACTION
- control field: 20231009114900.0
008 - FIXED-LENGTH DATA ELEMENTS
- fixed length control field: 231009|| aca||aabn | a|a d
040 ## - CATALOGING SOURCE
- Original cataloging agency: BD-RjUL
- Transcribing agency: BD-RjUL
100 ## - HEADING--PERSONAL NAME
- Personal name: Narayan, S
670 ## - SOURCE DATA FOUND
- Source citation: Work cat.: (BD-RjUL)82067: Bangladesh at 50 : , 2020